[Event "ICS rated blitz match"]
[Site "204.178.125.65"]
[Date "2000.10.05"]
[Round "?"]
[White "QueenMaxima"]
[Black "Hossa"]
[Result "0-1"]
[WhiteElo "2469"]
[BlackElo "2527"]
[PlyCount "104"]
[EventDate "2000.??.??"]

1. d4 d5 2. c4 e6 3. Nc3 Nf6 4. cxd5 exd5 5. Bg5 Be7 6. Nf3 c6 7. Qc2 Na6 8. e3
Nb4 9. Qd1 Bf5 10. Rc1 Qa5 11. Qb3 Qb6 12. Qd1 h6 13. Bxf6 Bxf6 14. a3 Na2 15.
Nxa2 Qxb2 16. Nc3 Qxa3 17. Be2 O-O 18. O-O b5 19. Nb1 Qd6 20. Bd3 Bd7 21. Nc3
Bg4 22. h3 Bh5 23. g4 Bg6 24. Bxg6 fxg6 25. Qc2 g5 26. Ne2 Rac8 27. Qa2 Qe7 28.
Qa6 Qd7 29. Ne5 Bxe5 30. dxe5 Rc7 31. Nd4 Rfc8 32. e6 Qe8 33. Rc5 b4 34. Rb1 g6
35. Qa5 Qf8 36. Qxb4 h5 37. Rbc1 hxg4 38. hxg4 Rh7 39. Nxc6 Re8 40. Ne5 Qh6 41.
Kf1 Qf8 42. Qb1 Qf6 43. Rxd5 Rh2 44. Qc2 Rf8 45. Kg1 Rh6 46. e7 Qxe7 47. Qc7
Qf6 48. f3 Qh8 49. Kf1 Rh2 50. Rc2 Qh3+ 51. Rg2 Qxg2+ 52. Ke1 Rh1# {
QueenMaxima checkmated} 0-1

[Event "ICS rated blitz match"]
[Site "204.178.125.65"]
[Date "2000.10.05"]
[Round "?"]
[White "Hossa"]
[Black "raw-pawn"]
[Result "1-0"]
[WhiteElo "2520"]
[BlackElo "1936"]
[PlyCount "65"]
[EventDate "2000.??.??"]

1. d4 Nf6 2. c4 g6 3. Nc3 Bg7 4. e4 d6 5. Be2 O-O 6. Nf3 e5 7. O-O Nc6 8. d5
Ne7 9. Ne1 Nd7 10. g4 f5 11. f3 h5 12. gxf5 gxf5 13. Bg5 f4 14. Rf2 Bf6 15. Rg2
Ng6 16. Bxf4 exf4 17. Rxg6+ Kh7 18. Rg2 Ne5 19. Kh1 Bh3 20. Rg1 Rg8 21. Nd3 Bh4
22. Nxf4 Qd7 23. Qd4 Raf8 24. Rxg8 Rxg8 25. Qxa7 Bg5 26. Nxh5 Bg2+ 27. Kxg2
Be3+ 28. Kh1 Qh3 29. Nf4 Bxf4 30. Qf2 Bg3 31. Qg2 Qh6 32. Rg1 Qd2 33. Qh3+ {
raw-pawn resigns} 1-0

[Event "ICS Rated standard match"]
[Site "204.178.125.65"]
[Date "2000.10.05"]
[Round "?"]
[White "Zippy"]
[Black "Hossa"]
[Result "0-1"]
[WhiteElo "2264"]
[BlackElo "2474"]
[PlyCount "228"]
[EventDate "2000.??.??"]

1. e4 e5 2. Nf3 Nc6 3. Bb5 a6 4. Ba4 Nf6 5. O-O Be7 6. Bxc6 dxc6 7. Nxe5 Nxe4
8. d3 Nd6 9. Nc3 O-O 10. Bf4 Be6 11. Re1 Nf5 12. Ne4 Re8 13. h3 Bd6 14. Qd2 f6
15. Nf3 Bd5 16. c4 Bxf4 17. Qxf4 Bxe4 18. dxe4 Nd4 19. Nxd4 Qxd4 20. Qxc7 Qxc4
21. Qxb7 Rab8 22. Qd7 Rxe4 23. b3 Qd5 24. Qa7 Qe5 25. Qxb8+ Qxb8 26. Rxe4 Qb6
27. Rc4 c5 28. Rac1 Qa5 29. R1c2 Qe1+ 30. Kh2 Qe5+ 31. g3 Kf7 32. Rxc5 Qe1 33.
Rc7+ Kg6 34. Rd7 h5 35. a3 Kh6 36. b4 Qb1 37. Rcd2 Qa1 38. R2d3 Qf1 39. Rf3 Kg6
40. Re7 Kh6 41. Ra7 Kg6 42. h4 Kh6 43. Rd7 Kg6 44. Rd5 Qe2 45. Kg2 Qe6 46. Rc5
Kh6 47. Rfc3 Qe4+ 48. Kf1 Qb1+ 49. Ke2 Qa2+ 50. Kf3 Qe6 51. Rc7 Qd5+ 52. Ke2
Qa2+ 53. Kf1 Qd5 54. Kg1 Qe4 55. Re3 Qd5 56. Ree7 Qd1+ 57. Kg2 Qd5+ 58. f3 Qa2+
59. Kf1 Qxa3 60. Ke2 Qb2+ 61. Ke3 Qb3+ 62. Kf2 Qxb4 63. Rcd7 Qc5+ 64. Kg2 Qc2+
65. Kf1 Qb1+ 66. Kf2 Qb2+ 67. Re2 Qb5 68. Red2 a5 69. R2d5 Qb6+ 70. Rd4 a4 71.
R7d6 Qb1 72. Rd1 Qb4 73. R1d4 Qc3 74. Rd3 Qc5+ 75. Kg2 a3 76. Rd2 Qb5 77. R6d3
Qa6 78. Rd6 Qa4 79. R6d4 Qa5 80. Ra2 Qb5 81. Rd8 Qb3 82. Rad2 Qb1 83. Ra8 Qa1
84. Kf2 g5 85. hxg5+ Kxg5 86. Rc8 Qb1 87. Rg8+ Kh6 88. Rh8+ Kg6 89. Ra8 Qh1 90.
Rxa3 Qh2+ 91. Ke1 Qxg3+ 92. Kf1 Qc7 93. Rad3 Kg5 94. Rd7 Qc3 95. R2d3 Qc2 96.
R3d4 f5 97. Rg7+ Kf6 98. Rdd7 Ke5 99. Rg3 Kf4 100. Rg2 Qc4+ 101. Re2 Kxf3 102.
Rde7 f4 103. R7e5 h4 104. R5e4 Qxe4 105. Rxe4 Kxe4 106. Ke2 f3+ 107. Kf1 Ke3
108. Kg1 h3 109. Kh2 f2 110. Kg3 h2 111. Kg2 h1=Q+ 112. Kxh1 Kf3 113. Kh2 f1=R
114. Kh3 Rh1# {Zippy checkmated} 0-1

[Event "ICS rated standard match"]
[Site "204.178.125.65"]
[Date "2000.10.05"]
[Round "?"]
[White "Hossa"]
[Black "Zippy"]
[Result "0-1"]
[WhiteElo "2481"]
[BlackElo "2257"]
[PlyCount "164"]
[EventDate "2000.??.??"]

1. d4 Nf6 2. c4 e6 3. Nc3 c5 4. d5 exd5 5. cxd5 d6 6. e4 Be7 7. Nf3 O-O 8. Bd3
a6 9. O-O b5 10. Bd2 Nbd7 11. Bf4 Qc7 12. Qc2 Ne5 13. Nxe5 dxe5 14. Bg5 h6 15.
Be3 c4 16. Be2 Bc5 17. Bxc5 Qxc5 18. Bf3 Bd7 19. Ne2 Nh7 20. Ng3 Ng5 21. Bh5 f5
22. exf5 Qd4 23. Rfd1 Qf4 24. Bg6 Rad8 25. Qe2 Be8 26. f3 Bxg6 27. fxg6 Rd6 28.
Nh5 Qf5 29. Kh1 Qxg6 30. Ng3 Qf6 31. Rd2 Qf4 32. Re1 Rfd8 33. Qd1 R8d7 34. a3
a5 35. Ne4 Rg6 36. Qc2 Nxf3 37. gxf3 Qxf3+ 38. Rg2 Qxg2+ 39. Qxg2 Rxg2 40. Kxg2
Rxd5 41. Re2 Kf7 42. Nc3 Rc5 43. a4 b4 44. Nb5 Ke6 45. Kg1 g5 46. Kf1 Kd5 47.
Rd2+ Ke4 48. Nd6+ Ke3 49. Re2+ Kd3 50. Ne4 Rc7 51. Nf2+ Kd4 52. Rd2+ Ke3 53.
Rd5 c3 54. Rxe5+ Kd4 55. Re4+ Kd5 56. bxc3 bxc3 57. Re1 Kc4 58. Rc1 Kb3 59. Ke2
Re7+ 60. Kd3 Rd7+ 61. Ke3 Kb2 62. Nd3+ Rxd3+ 63. Kxd3 Kxc1 64. Kxc3 g4 65. Kd3
Kb2 66. Kc4 h5 67. Kd4 h4 68. Kc4 g3 69. h3 g2 70. Kd5 Kb3 71. Kd4 g1=Q+ 72.
Ke5 Qe3+ 73. Kf5 Kxa4 74. Kf6 Qxh3 75. Ke5 Qe3+ 76. Kf5 h3 77. Kf6 Qd4+ 78. Ke7
h2 79. Kf7 Qd6 80. Kg8 Qe7 81. Kh8 Qg5 82. Kh7 h1=Q# {Hossa checkmated} 0-1

[Event "ICS rated blitz match"]
[Site "204.178.125.65"]
[Date "2000.10.05"]
[Round "?"]
[White "gimmeyoqueen"]
[Black "Hossa"]
[Result "0-1"]
[WhiteElo "1929"]
[BlackElo "2515"]
[PlyCount "64"]
[EventDate "2000.??.??"]

1. d4 d5 2. Nf3 Nf6 3. Bg5 e6 4. Nbd2 h6 5. Bxf6 Qxf6 6. e4 dxe4 7. Nxe4 Qf4 8.
Ng3 Bd7 9. Bd3 Bc6 10. Be2 Nd7 11. O-O O-O-O 12. c4 Nb6 13. a3 Bxf3 14. Bxf3
Rxd4 15. Qb3 Rxc4 16. Rfd1 Bd6 17. Qb5 Rd8 18. b3 a6 19. Qa5 Rc2 20. Rd3 Nd7
21. Rad1 Nc5 22. Rd4 Nxb3 23. Rxf4 Nxa5 24. Rfd4 Nb3 25. R4d3 Nc5 26. Rd4 Ra2
27. Ne4 Nxe4 28. Bxe4 Rxa3 29. Rc1 Bxh2+ 30. Kxh2 Rxd4 31. f3 a5 32. Rb1 b6 {
gimmeyoqueen resigns} 0-1

[Event "ICS Rated blitz match"]
[Site "204.178.125.65"]
[Date "2000.10.05"]
[Round "?"]
[White "StrongBach"]
[Black "Hossa"]
[Result "0-1"]
[WhiteElo "1856"]
[BlackElo "2516"]
[PlyCount "124"]
[EventDate "2000.??.??"]

1. a4 e5 2. e4 Nf6 3. Nc3 Bb4 4. Qf3 d6 5. Qg3 O-O 6. Nge2 Nc6 7. Qf3 Bc5 8.
Ng1 Bg4 9. Qg3 Nb4 10. Bd3 Qe7 11. Nge2 c6 12. h3 Bh5 13. O-O Nd7 14. a5 Qf6
15. Ra4 Rfe8 16. Ra1 Nf8 17. b3 b5 18. axb6 axb6 19. Rb1 Ne6 20. Bb2 Qh6 21.
Bc1 Nxd3 22. Qxd3 Nf4 23. Nxf4 Qxf4 24. Na4 Bd4 25. Bb2 b5 26. Bxd4 exd4 27.
Nb6 Ra2 28. Rfe1 Bg6 29. Qxd4 Rxc2 30. d3 f5 31. g3 Qf3 32. exf5 Rxe1+ 33. Rxe1
Qxf5 34. Re7 Bf7 35. Rd7 Rc1+ 36. Kh2 Qf3 37. Rd8+ Be8 38. Rxe8+ Kf7 39. Re7+
Kxe7 40. Qxg7+ Ke8 41. Qd7+ Kf8 42. Qxd6+ Kg8 43. Qe6+ Qf7 44. Qxf7+ Kxf7 45.
Nd7 Rc3 46. b4 Ke7 47. Ne5 Kd6 48. f4 Rc2+ 49. Kg1 Rb2 50. Nf7+ Kd5 51. Ne5
Rxb4 52. Kg2 Ra4 53. Kf2 b4 54. h4 b3 55. Nf3 b2 56. Nd2 Ra1 57. g4 Rd1 58. Ne4
Kd4 59. Nf6 b1=Q 60. f5 Qb2+ 61. Kg3 Rxd3+ 62. Kf4 Qd2# {StrongBach checkmated}
0-1

[Event "ICS rated blitz match"]
[Site "204.178.125.65"]
[Date "2000.10.05"]
[Round "?"]
[White "Hossa"]
[Black "Colorado"]
[Result "1/2-1/2"]
[WhiteElo "2517"]
[BlackElo "2492"]
[PlyCount "183"]
[EventDate "2000.??.??"]

1. e4 d5 2. exd5 Qxd5 3. Nc3 Qa5 4. d4 Nf6 5. Nf3 Bg4 6. h3 Bxf3 7. Qxf3 c6 8.
Bc4 e6 9. O-O Bd6 10. Ne4 Nxe4 11. Qxe4 Nd7 12. Qg4 Be7 13. Qxg7 Bf6 14. Qg4
Qb4 15. Qe2 Nb6 16. Bd3 Qxd4 17. c3 Qe5 18. Qxe5 Bxe5 19. Rd1 O-O-O 20. Be3 Rd7
21. Bxb6 axb6 22. Bc2 Bd6 23. g3 Rhd8 24. Bxh7 Rh8 25. Bd3 Rxh3 26. Kg2 Rh8 27.
Rd2 Kc7 28. Rad1 b5 29. a3 Rg8 30. Kf3 Rh8 31. Ke4 f5+ 32. Kf3 Bc5 33. Bc2 Rxd2
34. Rxd2 Rh2 35. Re2 Kd6 36. Bd3 Kd5 37. Rd2 Ke5 38. b4 Bb6 39. c4 bxc4 40.
Bxc4 Kf6 41. b5 cxb5 42. Bxb5 Kg5 43. Ke2 Bxf2 44. Kf1 Bxg3 45. Rxh2 Bxh2 46.
Bc4 e5 47. Bd5 b6 48. a4 e4 49. Kf2 Kf4 50. Kg2 Ke5 51. Bc6 Bf4 52. Kf2 Bh6 53.
Ke2 f4 54. Kf2 f3 55. Kg3 Bd2 56. Bd7 Be1+ 57. Kg4 f2 58. Bb5 Kd4 59. Kf4 Bb4
60. Kg3 Ke3 61. Kg2 Bc5 62. Kf1 Kd2 63. Be2 e3 64. Bb5 Bb4 65. Be2 Bc5 66. Bb5
Bd6 67. Be2 Be5 68. Bh5 Bb2 69. Bf3 Bc3 70. Bg4 Bb2 71. Bf3 Bc3 72. Bg4 Be5 73.
Bh5 Bd4 74. Bg4 Bg7 75. Bf3 Bd4 76. Bg4 Bh8 77. Be2 Bf6 78. Bg4 Bg7 79. Bf3 Bh6
80. Bg4 Bf4 81. Bh5 Be5 82. Bg4 Bf4 83. Bh5 Bg5 84. Bf3 Bd8 85. Bg4 Bc7 86. Bf3
Bg3 87. Bh5 Be5 88. Bg4 Bg3 89. Bh5 Bc7 90. Bf3 Bd8 91. Bg4 Bc7 92. Bf3 {
Game drawn by repetition} 1/2-1/2

[Event "ICS rated blitz match"]
[Site "204.178.125.65"]
[Date "2000.10.05"]
[Round "?"]
[White "Colorado"]
[Black "Hossa"]
[Result "1-0"]
[WhiteElo "2493"]
[BlackElo "2516"]
[PlyCount "83"]
[EventDate "2000.??.??"]

1. d4 d5 2. c4 e6 3. Nc3 Nf6 4. Bg5 Be7 5. e3 O-O 6. Nf3 Nbd7 7. Rc1 c6 8. Bd3
dxc4 9. Bxc4 b5 10. Bd3 a6 11. O-O c5 12. a4 bxa4 13. Nxa4 cxd4 14. exd4 Bb7
15. Nc5 Bxc5 16. dxc5 Bxf3 17. gxf3 Qc7 18. c6 Ne5 19. Bf4 Nh5 20. Bxe5 Qxe5
21. Re1 Qg5+ 22. Kh1 Nf4 23. Bf1 Rfd8 24. Qc2 Rd5 25. c7 Rc8 26. Qc6 Qh5 27.
Re3 Ng6 28. Bxa6 Ne7 29. Bxc8 Nxc6 30. Bb7 Rd8 31. Bxc6 Rc8 32. Rd3 Qa5 33. Bb7
Kf8 34. Bxc8 Qb5 35. Bxe6 Qxd3 36. c8=Q+ Ke7 37. Qc7+ Kxe6 38. Rc6+ Kf5 39.
Rc5+ Kg6 40. Qg3+ Kf6 41. Qe5+ Kg6 42. Qg5# {Hossa checkmated} 1-0

[Event "ICS rated blitz match"]
[Site "204.178.125.65"]
[Date "2000.10.05"]
[Round "?"]
[White "Hossa"]
[Black "Colorado"]
[Result "0-1"]
[WhiteElo "2499"]
[BlackElo "2510"]
[PlyCount "94"]
[EventDate "2000.??.??"]

1. e4 e5 2. Nf3 Nc6 3. Nc3 Nf6 4. d4 exd4 5. Nxd4 Bb4 6. Nxc6 bxc6 7. Bd3 d5 8.
exd5 cxd5 9. O-O O-O 10. Bg5 Bxc3 11. bxc3 h6 12. Bf4 Rb8 13. Qd2 Re8 14. f3
Nh5 15. Bxh6 gxh6 16. Qxh6 Nf6 17. Rab1 Rxb1 18. Rxb1 Re5 19. g4 Bd7 20. a3 Re6
21. Bf5 Re5 22. Bd3 c5 23. Rb7 c4 24. Bf1 Bc6 25. Rb1 Qe7 26. Rb8+ Be8 27. Ra8
Nh7 28. Qf4 Re3 29. Qf5 Rxc3 30. f4 Qe3+ 31. Kh1 Qf3+ 32. Kg1 Re3 33. Qd7 Kg7
34. Rxe8 Nf6 35. Qf5 Nxe8 36. Qg5+ Kf8 37. Qh6+ Ke7 38. Qh4+ Kd7 39. Qh5 Re1
40. Qxf7+ Kd8 41. Qxd5+ Qxd5 42. Kf2 Qd2+ 43. Kg3 Rxf1 44. c3 Qxf4+ 45. Kh4
Qxh2+ 46. Kg5 Rf6 47. a4 Qh6# {Hossa checkmated} 0-1

[Event "ICS rated blitz match"]
[Site "204.178.125.65"]
[Date "2000.10.05"]
[Round "?"]
[White "QueenMaxima"]
[Black "Hossa"]
[Result "0-1"]
[WhiteElo "2458"]
[BlackElo "2484"]
[PlyCount "102"]
[EventDate "2000.??.??"]

1. d4 Nf6 2. Bf4 g6 3. Nf3 Bg7 4. e3 O-O 5. Nbd2 d6 6. h3 c5 7. c3 Bf5 8. dxc5
dxc5 9. Qb3 Qc8 10. O-O-O a5 11. Bc4 a4 12. Qa3 Nbd7 13. g4 Be4 14. g5 Bxf3 15.
gxf6 Bxh1 16. fxg7 Rd8 17. Rxh1 b5 18. Bxb5 Qb7 19. Rg1 Qxb5 20. c4 Qa5 21. Ne4
Kxg7 22. Rd1 h6 23. Bg3 Kg8 24. Rd3 f5 25. Nc3 e6 26. Nb5 Ne5 27. Rc3 Nxc4 28.
Qxc5 Nxb2 29. Kxb2 Rd5 30. Qc6 Rxb5+ 31. Ka1 Rb6 32. Qc4 a3 33. Bf4 Rd8 34. Rc1
Qd2 35. Be5 Rdb8 36. f4 Rd8 37. Qc7 Rb7 38. Qc6 Qxe3 39. Qxe6+ Kh7 40. Qc6 Qe4
41. Qc3 Qa4 42. Qe1 Rd5 43. Qc3 Qd7 44. Qxa3 Rdb5 45. Qc3 Qe8 46. h4 Qd8 47. h5
gxh5 48. Qh3 Qd7 49. Qxh5 Rxe5 50. fxe5 Qd4+ 51. Rc3 Qxc3# {
QueenMaxima checkmated} 0-1

[Event "ICS rated bullet match"]
[Site "204.178.125.65"]
[Date "2000.10.05"]
[Round "?"]
[White "Hossa"]
[Black "JSBach"]
[Result "1-0"]
[WhiteElo "2364"]
[BlackElo "2070"]
[PlyCount "119"]
[EventDate "2000.??.??"]

1. e4 e5 2. Nf3 Nc6 3. Bc4 Qf6 4. d3 Bc5 5. Bg5 Qg6 6. O-O Nf6 7. Nc3 O-O 8.
Qd2 Bb4 9. Nh4 Bxc3 10. bxc3 Qh5 11. Bb5 Ng4 12. Nf3 h6 13. Bh4 a6 14. Bxc6
dxc6 15. Bg3 Re8 16. h3 Nf6 17. Nh4 Rd8 18. Qe3 Be6 19. Rab1 b5 20. Ra1 Nd7 21.
Nf3 c5 22. a4 Kf8 23. Nxe5 Bxh3 24. axb5 axb5 25. gxh3 Rxa1 26. Rxa1 Kg8 27.
Qf3 Qxf3 28. Nxf3 c6 29. Ra6 Rc8 30. Ra7 Nb6 31. Ne5 f6 32. Ng6 Re8 33. Ne7+
Kh7 34. Nxc6 Re6 35. Nd8 Re8 36. Nb7 c4 37. Ra5 Na4 38. Nd6 Re6 39. Nxb5 Nb2
40. Ra2 Nd1 41. Kf1 cxd3 42. cxd3 Rc6 43. c4 f5 44. exf5 Rf6 45. Rd2 Rxf5 46.
Rxd1 Rh5 47. Kg2 Kg6 48. d4 Kh7 49. Nd6 Ra5 50. Kf3 Rh5 51. Ra1 g5 52. Kg4 Rxh3
53. Kxh3 Kg6 54. Ra8 Kf6 55. Be5+ Ke6 56. Rh8 Ke7 57. Rxh6 Kf8 58. Rh7 g4+ 59.
Kxg4 Kg8 60. Rh8# {JSBach checkmated} 1-0

[Event "ICS Rated blitz match"]
[Site "204.178.125.65"]
[Date "2000.10.05"]
[Round "?"]
[White "Hossa"]
[Black "Athlon900"]
[Result "1-0"]
[WhiteElo "2499"]
[BlackElo "2587"]
[PlyCount "159"]
[EventDate "2000.??.??"]

1. e4 e6 2. d4 d5 3. Nc3 dxe4 4. Nxe4 Nc6 5. Nf3 Nge7 6. Bc4 Nf5 7. c3 Nd6 8.
Nxd6+ Bxd6 9. Ng5 Be7 10. Qg4 O-O 11. O-O Bd7 12. Qh5 h6 13. Ne4 Be8 14. Qg4
Kh8 15. Ng3 Bd6 16. Nh5 Rg8 17. Bd2 Na5 18. Be2 c5 19. Bd3 Bc7 20. Rac1 Nc6 21.
Qe4 f5 22. Qxe6 Bxh5 23. Qxf5 g6 24. Qxc5 Bd6 25. Qb5 Qc7 26. Bxh6 Bxh2+ 27.
Kh1 Bd6 28. Rce1 Rge8 29. Be4 Qf7 30. a3 Rac8 31. Kg1 Re7 32. Qg5 Rd7 33. Qh4
g5 34. Bxg5 Kg8 35. Bf6 Rf8 36. Bf5 Qxf6 37. Be6+ Kg7 38. Qxf6+ Kxf6 39. Bxd7
Bf7 40. Re3 Rh8 41. Rh3 Rxh3 42. Bxh3 Na5 43. f4 Nc4 44. Rf2 Ne3 45. g3 Nf5 46.
Bxf5 Kxf5 47. Rh2 Bd5 48. Rh6 Bb8 49. Kf2 Ke4 50. Rh8 Bd6 51. Rd8 Bc7 52. Rd7
Bb8 53. f5 Bc6 54. Rd8 Bc7 55. Rc8 Be5 56. dxe5 Kxf5 57. g4+ Kxe5 58. Kg3 a6
59. b3 Be4 60. Re8+ Kd5 61. Kf4 Bc2 62. Re2 Bxb3 63. Rb2 Ba4 64. Rxb7 Kc5 65.
g5 Bc2 66. Ke5 a5 67. Kf6 Be4 68. Re7 Bd3 69. g6 Bxg6 70. Kxg6 Kc4 71. Ra7 Kxc3
72. Kf5 a4 73. Ke4 Kc4 74. Rc7+ Kb5 75. Kd5 Kb6 76. Rd7 Kb5 77. Rb7+ Ka5 78.
Kc6 Ka6 79. Rc7 Ka5 80. Ra7# {Athlon900 resigns} 1-0

[Event "ICS rated blitz match"]
[Site "204.178.125.65"]
[Date "2000.10.05"]
[Round "?"]
[White "Athlon900"]
[Black "Hossa"]
[Result "1-0"]
[WhiteElo "2567"]
[BlackElo "2519"]
[PlyCount "93"]
[EventDate "2000.??.??"]

1. e4 c5 2. Nf3 d6 3. d4 cxd4 4. Qxd4 Nc6 5. Qd1 Nf6 6. Nc3 g6 7. Bc4 Bg7 8.
O-O O-O 9. h3 Nd7 10. Re1 Nb6 11. Bd3 Nb4 12. Be3 Nxd3 13. cxd3 Re8 14. Rc1 Be6
15. Re2 Bd7 16. Rec2 Na4 17. Nd5 Bxb2 18. Rb1 e6 19. Nc7 Nc3 20. Qf1 Qxc7 21.
Rbxb2 Ba4 22. Rc1 Bd1 23. Nd4 Ba4 24. Bd2 e5 25. Nf3 Qe7 26. Bxc3 Rac8 27. Bd2
Kg7 28. Be3 b6 29. Rb4 Qd7 30. Qe1 f5 31. exf5 gxf5 32. Rxc8 Rxc8 33. d4 e4 34.
Nh4 Bc2 35. Qd2 Qf7 36. Bh6+ Kh8 37. Qf4 e3 38. Qxe3 Re8 39. Qg3 Re1+ 40. Kh2
Qd7 41. Rc4 Re7 42. Qc3 d5 43. Rc8+ Re8 44. Rxe8+ Qxe8 45. Qc7 Qf7 46. Qxf7 Ba4
47. Bg7# {Hossa checkmated} 1-0

[Event "ICS rated blitz match"]
[Site "204.178.125.65"]
[Date "2000.10.05"]
[Round "?"]
[White "Hossa"]
[Black "Colorado"]
[Result "1/2-1/2"]
[WhiteElo "2505"]
[BlackElo "2532"]
[PlyCount "105"]
[EventDate "2000.??.??"]

1. e4 e5 2. f4 exf4 3. Nf3 g5 4. h4 g4 5. Ne5 Nf6 6. d4 d6 7. Nd3 Nxe4 8. Bxf4
Qe7 9. Qe2 Nc6 10. c3 Bf5 11. Nd2 O-O-O 12. Nxe4 Qxe4 13. Kd2 Qxe2+ 14. Bxe2
Be7 15. Bg3 Rhe8 16. Rhf1 Be6 17. Nf4 Bd7 18. Nd5 Be6 19. Nf4 Bd7 20. Nd5 Rf8
21. Bd3 h6 22. Nf6 Be6 23. Kc2 Bxf6 24. Rxf6 Rh8 25. h5 Ne7 26. Re1 Nd5 27. Rf2
Rde8 28. Kd2 Ne7 29. b3 a6 30. c4 d5 31. Be5 Rhf8 32. Rf4 Nc6 33. Bg7 Rg8 34.
Bxh6 Nb4 35. Bf5 dxc4 36. bxc4 Nxa2 37. Ra1 Nb4 38. d5 Bxf5 39. Rxf5 c5 40.
Rxf7 Re4 41. Rf4 Rge8 42. Rxe4 Rxe4 43. Rc1 Na2 44. Rc2 Nb4 45. Rc3 Na2 46. Ra3
Nb4 47. Rc3 Rd4+ 48. Ke2 Na2 49. Rc2 Nb4 50. Rc1 Na2 51. Rc2 Nb4 52. Rc1 Na2
53. Rc2 {Game drawn by repetition} 1/2-1/2

[Event "ICS rated blitz match"]
[Site "204.178.125.65"]
[Date "2000.10.05"]
[Round "?"]
[White "Colorado"]
[Black "Hossa"]
[Result "1/2-1/2"]
[WhiteElo "2531"]
[BlackElo "2506"]
[PlyCount "25"]
[EventDate "2000.??.??"]

1. d4 d5 2. c4 dxc4 3. Nf3 Nf6 4. e3 b5 5. a4 c6 6. b3 cxb3 7. axb5 Be6 8. Nbd2
Qb6 9. Nc4 Qb7 10. Na5 Qb6 11. Nc4 Qb7 12. Na5 Qb6 13. Nc4 {
Game drawn by repetition} 1/2-1/2

[Event "ICS rated blitz match"]
[Site "204.178.125.65"]
[Date "2000.10.05"]
[Round "?"]
[White "Hossa"]
[Black "Colorado"]
[Result "0-1"]
[WhiteElo "2507"]
[BlackElo "2530"]
[Annotator "Fritz 6 (60s)"]
[PlyCount "158"]
[EventDate "2000.??.??"]

1. e4 {C54: Italienische Partie (Hauptvariante)} 1... e5 2. Nf3 Nc6 3. Bc4 Bc5
4. c3 Nf6 5. d4 exd4 6. cxd4 Bb4+ 7. Nc3 Nxe4 8. O-O Bxc3 9. d5 Bf6 10. Re1 Ne7
11. Rxe4 d6 12. Bg5 Bxg5 13. Nxg5 h6 14. Qe2 hxg5 15. Re1 Be6 16. dxe6 f6 17.
Re3 c6 18. Rh3 (18. Rb3 $5 {ist zu beachten} 18... d5 19. Bd3 Qc7 $15) 18...
Rxh3 19. gxh3 g6 20. h4 gxh4 21. Qd2 Qc7 22. Qc3 O-O-O 23. Qxf6 g5 24. b4 Kb8
25. Bd3 Re8 26. Re4 (26. Qxg5 $4 {vergiftet...} 26... Rg8 27. Qxg8+ Nxg8 $19)
26... Rg8 27. a4 Nc8 28. e7 Re8 29. Qxg5 h3 30. Qg3 Rxe7 31. Qxh3 Rxe4 32. Bxe4
Qg7+ 33. Bg2 (33. Kf1 $142 $5 $11 {ist noch spielbar}) 33... Qa1+ 34. Bf1 Qxa4
35. Qc3 Qd1 36. f3 Nb6 37. Kf2 Nd5 38. Qb2 b5 39. Bh3 (39. h4 $5 $15 {
muss beachtet werden}) 39... Kc7 40. Be6 Nf4 41. Bf5 Qd5 42. Be4 Qg5 43. Qh8 d5
44. Bb1 (44. Qh7+ $5 Kb6 45. Qh8 Nh3+ 46. Qxh3 Qd2+ 47. Kg3 dxe4 48. Qh8 Qd6+
49. Kf2 exf3 50. Kxf3 Qxb4 51. Qb8+ Ka6 52. Qc8+ Ka5 53. Qxc6 $19) 44... Ne6
45. Qb2 Qh4+ 46. Kg2 Qe1 47. Kh3 Qf1+ 48. Kg4 (48. Kh4 Kd6 (48... Qxf3 $6 {
ist minderwertig} 49. Qe5+ Kb7 50. Qxe6 $11) 49. Bf5 Qxf3 $19) 48... Qg1+ 49.
Kf5 Kd7 50. h4 Qg3 51. Qa3 Nd4+ 52. Kf6 Qxh4+ 53. Kf7 Qh5+ 54. Kg8 Qe8+ 55. Kh7
Qf7+ 56. Kh6 Kc8 57. Qc3 Qf4+ 58. Kg6 Kb7 59. Kh7 Nxf3 60. Bg6 (60. Qg7+ {
ist ein letzter Versuch} 60... Kb6 61. Qe7 $19) 60... Ng5+ 61. Kg8 Ne6 62. Kh7
(62. Be8 {die letzte Gegenchance} 62... Qf8+ 63. Kh7 Qxe8 64. Kh6 $19) 62...
Qh4+ 63. Kg8 Qd8+ 64. Kh7 {Schwarz darf Weiss nun nicht zu Qe5 kommen lassen}
64... Qe7+ 65. Bf7 Qxf7+ 66. Kh6 Qf4+ 67. Kg6 Qg4+ 68. Kf7 Ng5+ 69. Kg8 Ne4+
70. Qg7+ Qxg7+ 71. Kxg7 a5 72. bxa5 b4 73. Kf7 b3 74. Ke6 b2 75. Ke5 (75. Ke7 {
hilft allerdings auch nicht} 75... b1=Q 76. Kd8 Qa1 77. a6+ Kb6 78. a7 Qf6+ 79.
Ke8 Kc7 80. a8=N+ Kd6 81. Nc7 Qe7#) 75... b1=Q 76. Ke6 (76. Kf5 {
macht keinen grossen Unterschied} 76... Qf1+ 77. Kg4 Qg2+ 78. Kf5 Qf3+ 79. Kg6
Qf6+ 80. Kh7 Ng5+ 81. Kg8 Qf7+ 82. Kh8 Qf8#) 76... Qf1 77. Ke7 Kc7 78. a6 (78.
Ke8 {waere gleichermassen fruchtlos} 78... Nd6+ 79. Ke7 Qf7#) 78... Qf6+ 79.
Ke8 Nd6# 0-1

[Event "ICS rated blitz match"]
[Site "204.178.125.65"]
[Date "2000.10.05"]
[Round "?"]
[White "Esla"]
[Black "Hossa"]
[Result "0-1"]
[WhiteElo "2327"]
[BlackElo "2492"]
[PlyCount "142"]
[EventDate "2000.??.??"]

1. d4 d5 2. c4 e6 3. Nc3 Nf6 4. Nf3 Be7 5. Bf4 dxc4 6. e3 Nd5 7. Bg3 Nxc3 8.
bxc3 b5 9. Ne5 O-O 10. Qb1 f6 11. Nf3 Qd7 12. a4 c6 13. axb5 cxb5 14. Bxc4 bxc4
15. Bxb8 Bb7 16. Bg3 Bxf3 17. gxf3 a5 18. O-O Qc6 19. Kg2 a4 20. Qe4 Qxe4 21.
fxe4 Kf7 22. Rfb1 a3 23. Ra2 g6 24. Rb7 Rfd8 25. h4 Ra6 26. Rc7 Ra4 27. Kf3 h5
28. Ke2 g5 29. Kd2 gxh4 30. Bxh4 Rda8 31. Kc2 R8a7 32. Rc8 Bd6 33. Rh8 Kg6 34.
f4 R4a5 35. e5 fxe5 36. fxe5 Be7 37. Bxe7 Rxe7 38. Rf8 Kg7 39. Rf4 Rf7 40. Kb1
Rb5+ 41. Ka1 Rb3 42. Rxf7+ Kxf7 43. Rc2 Rb2 44. Rc1 h4 45. Rh1 Rc2 46. Rxh4
Rxc3 47. Rg4 Rxe3 48. Ka2 Rd3 49. Rf4+ Ke7 50. Rg4 Kd7 51. Rg7+ Kc6 52. Ra7
Rxd4 53. Rxa3 Re4 54. Kb2 Kc5 55. Ra5+ Kb4 56. Ra7 c3+ 57. Kc2 Re2+ 58. Kd3
Rxe5 59. Rb7+ Rb5 60. Rxb5+ Kxb5 61. Kxc3 Kc5 62. Kd3 Kd5 63. Ke3 Ke5 64. Kf3
Kd4 65. Kf2 e5 66. Ke2 Ke4 67. Ke1 Ke3 68. Kf1 e4 69. Ke1 Kd3 70. Kd1 e3 71.
Ke1 e2 {Esla resigns} 0-1

[Event "ICS rated blitz match"]
[Site "204.178.125.65"]
[Date "2000.10.05"]
[Round "?"]
[White "Hossa"]
[Black "dama1405"]
[Result "1/2-1/2"]
[WhiteElo "2479"]
[BlackElo "1919"]
[PlyCount "111"]
[EventDate "2000.??.??"]

1. e4 e6 2. d4 d5 3. Nc3 Nc6 4. Nf3 Nf6 5. exd5 exd5 6. Bb5 Bd6 7. Qe2+ Qe7 8.
Qxe7+ Bxe7 9. Ne5 Bd7 10. Nxd7 Kxd7 11. O-O a6 12. Bxc6+ Kxc6 13. a3 Kd7 14.
Re1 Rhe8 15. Be3 Bd6 16. f3 h6 17. Re2 Re7 18. Rae1 Rae8 19. g3 b6 20. Kg2 c6
21. g4 Re6 22. h4 h5 23. g5 Ng8 24. Bd2 Rxe2+ 25. Rxe2 Ne7 26. Kh3 Nf5 27. Rxe8
Kxe8 28. Ne2 Kd7 29. c3 Ke6 30. Nf4+ Bxf4 31. Bxf4 g6 32. Bc7 b5 33. Bf4 a5 34.
Bd2 a4 35. Bf4 Kd7 36. Bc1 Nd6 37. Kg2 Ke6 38. Be3 Nc4 39. Bc1 Kf5 40. Kf2 Nd6
41. Bd2 Ke6 42. Bf4 Nc4 43. Bc1 Kf5 44. Ke2 Ke6 45. Kd3 Nd6 46. Bd2 Nf5 47. Be1
Nd6 48. Kc2 Nf5 49. Kd2 Nd6 50. Bg3 Nc4+ 51. Kc1 Kf5 52. Bc7 Ne3 53. Kd2 Nc4+
54. Kc2 Ne3+ 55. Kd2 Nc4+ 56. Kc2 {Game drawn by mutual agreement} 1/2-1/2

[Event "ICS rated blitz match"]
[Site "204.178.125.65"]
[Date "2000.10.05"]
[Round "?"]
[White "dama1405"]
[Black "Hossa"]
[Result "0-1"]
[WhiteElo "1934"]
[BlackElo "2464"]
[PlyCount "76"]
[EventDate "2000.??.??"]

1. e4 c5 2. Nf3 e6 3. d4 cxd4 4. Nxd4 Nc6 5. Nc3 Qc7 6. Be2 a6 7. O-O Nf6 8.
Be3 Bb4 9. Nxc6 dxc6 10. Bd3 O-O 11. f4 Bxc3 12. bxc3 c5 13. c4 e5 14. f5 b6
15. Bg5 Qd6 16. Qf3 Rd8 17. g4 Bb7 18. Be3 Qc6 19. Bg5 Rd4 20. Bxf6 Qxf6 21.
Rae1 Rad8 22. Qg3 R4d7 23. g5 Qd6 24. f6 Qd4+ 25. Rf2 g6 26. Qh4 Qd6 27. Re3
Qe6 28. Rh3 h5 29. gxh6 Kh7 30. Rg3 Qd6 31. Qg5 Qd4 32. Rg4 Qa1+ 33. Rf1 Qb2
34. h4 Rxd3 35. cxd3 Rxd3 36. h5 Qd4+ 37. Rf2 Rd1+ 38. Kg2 Bxe4+ {
dama1405 resigns} 0-1